| 000 | 00911nam a2200229Ia 4500 | ||
|---|---|---|---|
| 003 | Ost | ||
| 005 | 20260507075729.0 | ||
| 008 | 260507s9999||||xx |||||||||||||| ||und|| | ||
| 020 | _a7995160977 | ||
| 040 | _cfsecg | ||
| 041 | _aara | ||
| 082 | _a347.09 | ||
| 100 |
_aعبد العليم، زكريا محمود _eمؤلف |
||
| 245 | 0 |
_aمنهج التحكيم في منازعات الانشاءات : _bللمحكمين و أطراف النزاع و المحامين والخبراء / _c زكريا محمود عبد العليم |
|
| 260 |
_aالاسكندرية: _bدار الفكر الجامعي, _c2003 |
||
| 300 |
_a155 صفحة؛ _c24 سم |
||
| 520 | _aنص قواعد نظام التحكيم في غرفة التجارة الدولية ، ترجمة التقرير | ||
| 653 | _aالتحكيم | ||
| 653 | _aالقانون الدولي | ||
| 653 | _aالمنازعات | ||
| 942 | _cكتاب | ||
| 999 |
_c46013 _d46013 |
||